| 000 | 01192cam a2200325 a 4500 | ||
|---|---|---|---|
| 001 | 17587054 | ||
| 005 | 20150202160623.0 | ||
| 008 | 130110s2013 enka b 001 0 eng | ||
| 010 | _a 2012047273 | ||
| 020 | _a9781119942252 (pbk.) | ||
| 020 | _a9781118527863 (ebk) | ||
| 020 | _a9781118527740 (ebk) | ||
| 020 | _a9781118527856 (ebk) | ||
| 040 |
_aDLC _cDLC |
||
| 042 | _apcc | ||
| 050 | 0 | 0 |
_aHD 30.4 _b.Se435 2013 |
| 082 | 0 | 0 | _a650.072 |
| 100 | 1 | _aSekaran, Uma. | |
| 245 | 1 | 0 |
_aResearch methods for business : _ba skill-building approach / _cUma Sekaran and Roger Bougie. |
| 250 | _a6th ed. | ||
| 260 |
_aChichester, West Sussex : _bWiley, _cc2013. |
||
| 300 |
_axxi, 423 pages : _billustrations ; _c24 cm. |
||
| 504 | _aIncludes bibliographical references and index. | ||
| 650 | 0 |
_aBusiness _xResearch _xMethodology. |
|
| 700 | 1 | _aBougie, Roger. | |
| 776 | 0 | 8 |
_iOnline version: _aSekaran, Uma. _tResearch methods for business _b6th ed. _dHoboken, NJ : Wiley, c2013 _z9781118527726 _w(DLC) 2013001359 |
| 906 |
_a7 _bcbc _corignew _d1 _eecip _f20 _gy-gencatlg |
||
| 942 |
_2lcc _cBK |
||
| 999 |
_c282523 _d282523 |
||